000 01133cam a2200229 4500
001 ABS64654
008 011017n2001 000 0 eng u
035 _a(Sirsi) u115167
100 _aHawkins, R.
245 2 _aA new mix of rights for creditors
260 _c2001
490 _aEstates Gazette
_v(0141) 13 October 2001, 176(2)
520 _aDiscusses the details of government's White Paper on Insolvency which was published on 31 July. It proposes to shift the balance of rights between an insolvent company and its various creditors. There is to be an attack on the concept of administrative receivership and the abolition of the right of the holder of a floating charge to appoint an administrative receiver. The white paper conceedes that the proposals will result in increased costs and lenders may be unable to borrow as much as before. Argues these proceedures need to be streamlined.
590 _aABS
650 _aINSOLVENCY ACT 2000
650 _aENTERPRISE BILL
650 _aCORPORATE INSOLVENCY
650 _aKHAN V PERMAYER
650 _aCREDITORS
690 _aDispute resolution
_96236
942 _n0
999 _c68588
_d68588